Turkey quiz - Statistics

General Stats
  • This quiz has been taken 15 times
  • The average score is 10 of 15
Answer Stats
Question Answer % Correct
What is the money currency? Lira
100%
What is the Capital City of Türkiye?(Turkey) Ankara
92%
Which city is the most popular? Istanbul
92%
Who is Turk's father? Mustafa Kemal Atatürk
92%
Who is the current president of Türkiye?(2023-2024) R.T. Erdoğan
92%
Which nation is the second most known in Türkiye? Kurds
83%
What is the national animal of Turkey? Wolf
83%
When is Turkey's Independence Year? 1923
67%
When was Turkey's Independence Day? October 29
58%
When did Turkey join NATO? 1952
50%
Which branch of the Turkic Countries is Türkiye? Oguz
50%
What does the Cresent sign on the Turkish flag mean? The Islamism
50%
What is Turkey's favourite food? Adana Kebap
42%
What flower type is very popular in Türkiye? Tulip
25%
How much population are there in Türkiye?(2023-2024) 81 mln
17%
No matching quizzes found
Score Distribution
Percent of People with Each Score
Percentile by Number Answered
Your Score History
You have not taken this quiz